000 01036nam a2200241 a 4500
001 BRCA_1739
005 20190320203529.0
008 060508s2004----sp-a---###---#000-0#spa-#
020 _a848479055X
040 _aDDO
_cDDO
_dCUY
050 4 _aZ1012
_b.G37 2004
245 1 0 _aManuscritos de la Biblioteca Palofoxiana
_binventario general
_ccoordinación Jorge Garibay Álvarez, Jesús Joel Peña Espinosa.
260 _aMadrid, España
_bFundación MAPFRE TAVERA
_c2004
300 _a505 p.
_bil. a color
_c28 cm.
500 _aIncluye índice onomástico, índice toponímico y apéndices: Virreyes de Nueva España y Obispos de Nueva España
610 2 4 _aBiblioteca Palafoxiana
_vCatálogos
_zPuebla (México)
_95426
650 1 4 _aManuscritos españoles
_vCatálogos
_zPuebla (México)
_95427
650 1 4 _aManuscritos españoles-americanos
_vCatálogos
_zPuebla (México)
_95428
653 0 _aColección Biblioteca Palafoxiana
700 1 _aGaribay Álvarez, Jorge
_95429
700 1 _aPeña Espinosa, Jesús Joel
_95430
942 _2lcc
_cB
999 _c1523
_d1523